Toward a critical sociology (Record no. 22259)

MARC details
000 -LEADER
fixed length control field 00447nam a2200169Ia 4500
082 ## - DEWEY DECIMAL CLASSIFICATION NUMBER
Classification number 301 BIR-;
100 ## - MAIN ENTRY--AUTHOR NAME
Personal name Birnbaum, Norman
245 #0 - TITLE STATEMENT
Title Toward a critical sociology
260 ## - PUBLICATION, DISTRIBUTION, ETC. (IMPRINT)
Place of publication New York
Name of publisher Oxford University Press
Year of publication 1971
300 ## - PHYSICAL DESCRIPTION
Number of Pages 451p.
504 ## - BIBLIOGRAPHY, ETC. NOTE
Bibliography, etc Includes index
650 ## - SUBJECT ADDED ENTRY--TOPICAL TERM
Topical Term Sociology - Study and teaching
650 ## - SUBJECT ADDED ENTRY--TOPICAL TERM
Topical Term Religion and sociology
650 ## - SUBJECT ADDED ENTRY--TOPICAL TERM
Topical Term Sociology - Philosophy
650 ## - SUBJECT ADDED ENTRY--TOPICAL TERM
Topical Term Political sociology
942 ## - ADDED ENTRY ELEMENTS (KOHA)
Koha item type Books
Holdings
Withdrawn status Lost status Damaged status Not for loan Home library Current library Date acquired Full call number Accession Number Price effective from Koha item type
        NASSDOC Library NASSDOC Library 08/06/2004 301 BIR-; 2942 18/04/2019 Books